载入...
New dominion /
| 主要作者: | |
|---|---|
| 格式: | Printed Book |
| 语言: | English |
| 出版: |
John Murray,
1972.
|
| 主题: |
| LEADER | 00450nam a2200133Ia 4500 | ||
|---|---|---|---|
| 008 | 150623b xxu||||| |||| 00| 1 eng d | ||
| 082 | |a IN823.912R | ||
| 100 | |a Ruth Prawer Jhabvala | ||
| 245 | |a New dominion / |c Ruth Prawer Jhabvala | ||
| 260 | |b John Murray, |c 1972. | ||
| 650 | |v Fiction | ||
| 942 | |c BK | ||
| 999 | |c 12822 |d 12822 | ||
| 952 | |0 0 |1 0 |4 0 |6 IN_823_000000000000000_912R_NEW |7 0 |9 12821 |a UL |b UL |c ST1 |d 1998-09-01 |l 0 |o IN823.912R NEW |p 18835 |r 2012-10-27 |w 2012-10-27 |y BK | ||